Logo BPK

Biblioteka

Politechniki Koszalińskiej

Laboratorium chemiczne dla studentów / (Rekord nr 17920)

Szczegóły MARC
000 -ETYKIETA REKORDU
podpole kontrolne o stałej długości 00445nam a2200157 i 4500
001 - NUMER KONTROLNY REKORDU
pole kontrolne bg
040 ## - ŹRÓDŁO KATALOGOWANIA
Instytucja, która utworzyła rekord BPK
041 ## - KOD JĘZYKA
Kod języka tekstu pol
008 - POLE O STAŁEJ DŁUGOŚCI - DANE KONTROLNE
podpole kontrolne o stałej długości s pl f |000 0 pol
100 1# - NAZWA OSOBOWA
Nazwa osobowa PARYJCZAK, Tadeusz
245 10 - TYTUŁ/ODPOWIEDZIALNOŚĆ
Tytuł Laboratorium chemiczne dla studentów /
Pozostałe elementy strefy tytułu i oznaczenia odpowiedzialności Tadeusz Paryjczak, Wojciech K. Jóźwiak, Jacek Rynkowski.
260 ## - STREFA ADRESU WYDAWNICZEGO
Miejsce wydania Łódż,
Data publikacji, dystrybucji/powstania dokumentu 1978.
700 1# - HASŁO DODATKOWE - NAZWA OSOBOWA
Nazwa osobowa JÓŹWIAK, Wojciech Kazimierz.
700 1# - HASŁO DODATKOWE - NAZWA OSOBOWA
Nazwa osobowa RYNKOWSKI, Jacek
856 ## - LOKALIZACJA I DOSTĘP DO ELEKTRONICZNYCH DOKUMENTÓW ZDALNYCH
Link (URL) http://koha.tu.koszalin.pl/cgi-bin/koha/opac-detail.pl?biblionumber=17920
Tekst linku Katalog online BPK
942 ## - DODATKOWE ELEMENTY (KOHA)
Typ dokumentu Książka
Egzemplarze
Wycofany Status egzemplarza Uszkodzony Dostępność Lokalizacja stała Lokalizacja bieżąca Miejsce przechowywania Sygnatura Kod kreskowy Typ dokumentu
      Dostępny Biblioteka Politechniki Koszalińskiej Biblioteka Politechniki Koszalińskiej Wypożyczalnia BG 23593 01059045 Książka
© 2023 Biblioteka Politechniki Koszalińskiej :: KOHA